| 000 | 02125nam a22005177a 4500 | ||
|---|---|---|---|
| 003 | AR-RoUNA | ||
| 005 | 20260325124107.0 | ||
| 008 | 260325b |||||||| |||| 00| 0 spa d | ||
| 020 | _a9789875589964 | ||
| 040 |
_aAR-RoUNA _bspa _dAR-RoUNA |
||
| 041 |
_aspa _hspa |
||
| 044 | _aag | ||
| 100 | 1 |
_aMuller, Luis _92642 |
|
| 245 | 1 | 0 |
_aAmancio Williams : _bla invencion como proyecto / _c Luis Muller; prologo Jose Francisco Liernur |
| 250 | _a1a. ed. | ||
| 260 |
_aBernal, (Buenos Aires, Argentina) : _bUniversidad Nacional de Quilmes; Universidad Nacional del Litoral, _c2025 |
||
| 300 | _a407 p.: | ||
| 490 | _aLas ciudades y las ideas | ||
| 505 | 0 | _tINDICE | |
| 505 | 0 | _tAgradecimientos p.17 | |
| 505 | 0 | _tPrologo / Jorge Francisco Liernur p.19 | |
| 505 | 0 | _tIntroduccion | |
| 505 | 0 | _aUn problema historiografico p.25 | |
| 505 | 0 | _tPARTE I. Construir en el espacio | |
| 505 | 0 | _aCapitulo 1. Inventar el lugar p.39 | |
| 505 | 0 | _aCapitulo 2. Un canon personal p.83 | |
| 505 | 0 | _aCapitulo 3. Por una cultura arquitectonica p.147 | |
| 505 | 0 | _tPARTE II. El hospital como invencion | |
| 505 | 0 | _aCapitulo 4. La salud publica en el primer peronismo p.215 | |
| 505 | 0 | _aCapitulo 5. Corrientes: tres hospitales y un sistema p.241 | |
| 505 | 0 | _tPARTE III. El pasado en el futuro | |
| 505 | 0 | _aCapitulo 6. Megaproyectos: ciudades totales p.315 | |
| 505 | 0 | _aCapitulo 7. Persistencias p.343 | |
| 505 | 0 | _tBibliografias p.399 | |
| 520 | 3 | _aLa obra aborda la figura de Amancio Williams como uno de los principales exponentes de la arquitectura moderna en Argentina, destacando su reconocimiento internacional. El libro propone interpretar dicho proceso, como clave para comprender los mecanismos y sentidos de produccion arquitectonica. | |
| 650 | 4 | _aArquitectura | |
| 650 | 4 | _aObras | |
| 650 | 4 | _aTrayectoria profesional | |
| 650 | 4 |
_aHospitales _xSalud publica |
|
| 650 | 4 | _aProyectos | |
| 651 | 4 |
_aArgentina _958 |
|
| 700 | 1 |
_aLiernur, Jorge Francisco _eprĂ³l. _91583 |
|
| 942 | _2udc | ||
| 945 | _d2026-03-25 | ||
| 980 |
_61 _aMaricel Allasia _81 _gMaricel Allasia |
||
| 999 |
_c12371 _d12371 |
||